[Event "ZH-2016-0-01430"]
[Site "LSS email"]
[Date "2016.02.19"]
[Round "?"]
[White "Jovanovic, Bratislav M"]
[Black "Kovalenko, Igor"]
[Result "0-1"]
[WhiteElo "2164"]
[BlackElo "2206"]
[PlyCount "58"]
[EventDate "2016.02.12"]
[EventType "match (corr)"]
[EventRounds "2"]
[EventCountry "GER"]
[SourceTitle "Corr 2022"]
[Source "ChessBase"]
[SourceDate "2021.10.24"]
[SourceVersion "1"]
[SourceVersionDate "2021.10.24"]
[SourceQuality "1"]

1. e4 c5 2. Nf3 d6 3. d4 cxd4 4. Nxd4 Nf6 5. Nc3 a6 6. Bg5 Nbd7 7. Qd2 h6 8. Bh4 e6 9. Bg3 b5 10. f3 Bb7 11. Bxb5 axb5 12. Ndxb5 Ne5 13. 0-0-0 Nh5 14. Nxd6+ Bxd6 15. Qxd6 Qxd6 16. Rxd6 Nxg3 17. hxg3 Ke7 18. Rhd1 Ba6 19. f4 Ng4 20. Rd7+ Kf6 21. R1d6 Ne3 22. Rc7 g5 23. a4 Rac8 24. Rcd7 Bc4 25. Rd2 g4 26. Rf2 h5 27. b4 h4 28. gxh4 Rxh4 29. Kb2 Rh2 0-1

[Event "ZH-2016-0-01430"]
[Site "LSS email"]
[Date "2016.02.19"]
[Round "?"]
[White "Kovalenko, Igor"]
[Black "Jovanovic, Bratislav M"]
[Result "0-1"]
[WhiteElo "2206"]
[BlackElo "2164"]
[PlyCount "72"]
[EventDate "2016.02.12"]
[EventType "match (corr)"]
[EventRounds "2"]
[EventCountry "GER"]
[SourceTitle "Corr 2022"]
[Source "ChessBase"]
[SourceDate "2021.10.24"]
[SourceVersion "1"]
[SourceVersionDate "2021.10.24"]
[SourceQuality "1"]

1. e4 e6 2. d4 d5 3. Nc3 Bb4 4. e5 c5 5. a3 Bxc3+ 6. bxc3 Qa5 7. Bd2 Qa4 8. Qb1 c4 9. Nh3 Nc6 10. Nf4 Nge7 11. Nh5 Rg8 12. Be2 Bd7 13. 0-0 0-0-0 14. Qd1 h6 15. Re1 Kb8 16. Bg4 Ka8 17. Ra2 Bc8 18. Qf3 Qa5 19. Qe2 Qa4 20. Bh3 Nb8 21. Qd1 Nd7 22. Qb1 Nc6 23. Re3 g6 24. Ng3 h5 25. Qd1 Qa5 26. a4 Rde8 27. f3 f5 28. exf6 Nxf6 29. Qe1 Nd8 30. Re5 Nf7 31. Re2 Qa6 32. f4 Qc6 33. Ra1 Nh7 34. Kh1 g5 35. fxg5 Nhxg5 36. Bxg5 Nxg5 0-1

[Event "ZH-2016-0-01419"]
[Site "LSS email"]
[Date "2016.02.05"]
[Round "?"]
[White "Jovanovic, Bratislav M"]
[Black "Kovalenko, Igor"]
[Result "0-1"]
[WhiteElo "2151"]
[BlackElo "2207"]
[PlyCount "87"]
[EventDate "2016.01.21"]
[EventType "match (corr)"]
[EventRounds "2"]
[EventCountry "GER"]
[SourceTitle "Corr 2022"]
[Source "ChessBase"]
[SourceDate "2021.10.24"]
[SourceVersion "1"]
[SourceVersionDate "2021.10.24"]
[SourceQuality "1"]

1. e4 e6 2. d4 d5 3. Nd2 c5 4. exd5 Qxd5 5. Ngf3 cxd4 6. Bc4 Qd7 7. 0-0 Nc6 8. Nb3 Nf6 9. Nbxd4 Nxd4 10. Nxd4 a6 11. Re1 Bc5 12. Be3 0-0 13. c3 Qc7 14. Bb3 b5 15. Bg5 Bb7 16. Bxf6 gxf6 17. Qh5 Kh8 18. Qh6 Rg8 19. Qxf6+ Rg7 20. g3 Be7 21. Qe5 Bd6 22. Qe2 Rag8 23. Kf1 b4 24. cxb4 Qd8 25. Qd2 Bb8 26. Bc2 e5 27. Rad1 exd4 28. Qxd4 Qg5 29. Be4 Ba7 30. Qxa7 Bxe4 31. Qe3 Qb5+ 32. Qe2 Bc6 33. Qxb5 Bxb5+ 34. Kg2 Rg4 35. a3 Rc4 36. Rd2 Rgc8 37. Ree2 Rc1 38. Re3 R1c2 39. Rxc2 Rxc2 40. b3 Bc6+ 41. Kf1 Kg7 42. Ke1 Kf6 43. h4 Kf5 44. a4 0-1

[Event "OP-2016-0-03937"]
[Site "LSS email"]
[Date "2016.01.23"]
[Round "?"]
[White "Jovanovic, Bratislav M"]
[Black "Shim Ng Min, Francis"]
[Result "1-0"]
[WhiteElo "2151"]
[BlackElo "1162"]
[PlyCount "53"]
[EventDate "2016.01.19"]
[EventType "tourn (corr)"]
[EventRounds "4"]
[EventCountry "GER"]
[SourceTitle "Corr 2022"]
[Source "ChessBase"]
[SourceDate "2021.10.24"]
[SourceVersion "1"]
[SourceVersionDate "2021.10.24"]
[SourceQuality "1"]

1. e4 c5 2. Nf3 d6 3. d4 cxd4 4. Nxd4 Nf6 5. Nc3 a6 6. Be3 e5 7. Nb3 Be6 8. f3 Be7 9. Qd2 0-0 10. 0-0-0 Nbd7 11. g4 b5 12. g5 b4 13. Ne2 Ne8 14. f4 a5 15. f5 a4 16. Nbd4 exd4 17. Nxd4 b3 18. Kb1 bxc2+ 19. Nxc2 Bb3 20. axb3 axb3 21. Na3 Ne5 22. h4 Ra4 23. Bd4 Qa8 24. Qe3 Nc7 25. f6 Rb8 26. fxe7 Nb5 27. e8Q+ 1-0